Music Quiz

Random Music or Album Quiz

Most Successful Female Artists of All Time (U.S.) Quiz Stats

 Plays Quiz not verified by Sporcle

Score 0/54 Timer 10:00
0 Plays Today
Artist % Correct
Madonna
87.4%
Whitney Houston
79.9%
Mariah Carey
79.6%
Britney Spears
74.3%
Celine Dion
69.9%
Christina Aguilera
66.5%
Destiny's Child
62.1%
Barbra Streisand
61.7%
Shania Twain
58%
Janet Jackson
56.9%
Cher
50.9%
TLC
50.6%
Taylor Swift
49.4%
Faith Hill
45.7%
Adele
45.7%
Spice Girls
43.9%
Carrie Underwood
42.4%
Pink
42.4%
Dixie Chicks
39%
Jennifer Lopez
35.7%
Alanis Morissette
34.9%
Janis Joplin
33.8%
Alicia Keys
32.3%
Carole King
31.6%
Stevie Nicks
30.9%
Olivia Newton-John
30.5%
Norah Jones
29.7%
Artist % Correct
Mary J. Blige
28.6%
Avril Lavigne
28.6%
Reba McEntire
27.5%
Paula Abdul
27.1%
Linda Ronstadt
24.2%
Bette Midler
23.8%
Toni Braxton
23.4%
Patsy Cline
23.4%
Gloria Estefan
22.7%
Leann Rimes
22.3%
Sheryl Crow
21.9%
Jewel
21.6%
Pat Benatar
20.8%
Brandy
20.1%
Sarah McLachlan
16.7%
Enya
16.4%
Natalie Cole
16%
Sade
14.9%
Bonnie Raitt
13.8%
Trisha Yearwood
13.8%
Martina McBride
13.4%
Amy Grant
11.2%
Melissa Etheridge
11.2%
The Judds
10.8%
Tracy Chapman
10%
Anne Murray
8.9%
Anita Baker
7.8%

You're not logged in!

Compare scores with friends on all Sporcle quizzes.
OR
Log In

Show Comments

Extras

Top Quizzes Today


Score Distribution

Your Account Isn't Verified!

In order to create a playlist on Sporcle, you need to verify the email address you used during registration. Go to your Sporcle Settings to finish the process.

Report this User

Report this user for behavior that violates our Community Guidelines.

Details: